Makers of Management: (Record no. 227705)
[ view plain ]
| 000 -LEADER | |
|---|---|
| fixed length control field | 00745nam a22002417a 4500 |
| 005 - DATE AND TIME OF LATEST TRANSACTION | |
| control field | 20230630090250.0 |
| 008 - FIXED-LENGTH DATA ELEMENTS--GENERAL INFORMATION | |
| fixed length control field | 230628b ||||| |||| 00| 0 eng d |
| 040 ## - CATALOGING SOURCE | |
| Transcribing agency | AL |
| 041 ## - LANGUAGE CODE | |
| Language code of text/sound track or separate title | eng |
| 082 ## - DEWEY DECIMAL CLASSIFICATION NUMBER | |
| Edition number | 23 |
| Classification number | 658 |
| Item number | CLUM |
| 100 ## - MAIN ENTRY--PERSONAL NAME | |
| Personal name | David Clutterbuck |
| 100 ## - MAIN ENTRY--PERSONAL NAME | |
| 9 (RLIN) | 125066 |
| 100 ## - MAIN ENTRY--PERSONAL NAME | |
| Dates associated with a name | Stuart Crainer |
| 9 (RLIN) | 125041 |
| 245 ## - TITLE STATEMENT | |
| Title | Makers of Management: |
| Remainder of title | Men and Women who changed the Business World |
| 260 ## - PUBLICATION, DISTRIBUTION, ETC. | |
| Place of publication, distribution, etc. | Calcutta |
| Name of publisher, distributor, etc. | Rupa & Co |
| Date of publication, distribution, etc. | 1992 |
| 300 ## - PHYSICAL DESCRIPTION | |
| Extent | viii,276p. |
| Other physical details | PB |
| Dimensions | 21x14cm. |
| 365 ## - TRADE PRICE | |
| Source of price type code | Management |
| Price amount | 70.00 |
| Currency code | ₹ |
| Unit of pricing | 70.00 |
| 650 ## - SUBJECT ADDED ENTRY--TOPICAL TERM | |
| Topical term or geographic name entry element | Behavioural Scientists |
| 9 (RLIN) | 125042 |
| 650 ## - SUBJECT ADDED ENTRY--TOPICAL TERM | |
| Topical term or geographic name entry element | Misfits |
| 9 (RLIN) | 125043 |
| 650 ## - SUBJECT ADDED ENTRY--TOPICAL TERM | |
| Topical term or geographic name entry element | Culture Quality and Excellence |
| 9 (RLIN) | 125044 |
| 700 ## - ADDED ENTRY--PERSONAL NAME | |
| Personal name | CLUTTERBUCK (David) |
| 9 (RLIN) | 125045 |
| 700 ## - ADDED ENTRY--PERSONAL NAME | |
| Personal name | CRAINER (Stuart) |
| 9 (RLIN) | 125046 |
| 942 ## - ADDED ENTRY ELEMENTS (KOHA) | |
| Source of classification or shelving scheme | Dewey Decimal Classification |
| Koha item type | Donated Books |
| Withdrawn status | Lost status | Source of classification or shelving scheme | Damaged status | Not for loan | Collection code | Home library | Current library | Date acquired | Total Checkouts | Full call number | Barcode | Date last seen | Price effective from | Koha item type |
|---|---|---|---|---|---|---|---|---|---|---|---|---|---|---|
| Dewey Decimal Classification | Management | St Aloysius Library | St Aloysius Library | 06/23/2023 | 658 CLUM | D05937 | 06/28/2023 | 06/28/2023 | Donated Books |